Manufacturing processes & materials (Record no. 140815)

MARC details
000 -LEADER
fixed length control field 00411nam a2200157Ia 4500
008 - FIXED-LENGTH DATA ELEMENTS--GENERAL INFORMATION
fixed length control field 230917s9999||||xx |||||||||||||| ||und||
040 ## - CATALOGING SOURCE
-- 112798
Original cataloging agency VIVEKANANDA LIBRARY
041 ## - Language
-- English
082 ## - DDC NUMBER
Classification number 670 S69M(4)
100 ## - MAIN ENTRY--PERSONAL NAME
Personal name Schrader, George F
245 #0 - TITLE STATEMENT
Title Manufacturing processes & materials
250 ## - EDITION STATEMENT
Edition statement 4th ed.
260 ## - PUBLICATION, DISTRIBUTION, ETC. (IMPRINT)
Place of publication, distribution, etc Dearborn
Name of publisher, distributor, etc Society of Manufacturing Engineers
Date of publication, distribution, etc 2000
300 ## - PHYSICAL DESCRIPTION
Pages 842 p.
942 ## - ADDED ENTRY ELEMENTS (KOHA)
Koha item type Books
Holdings
Withdrawn status Lost status Damaged status Not for loan Location (home branch) Sublocation or collection (holding branch) Shelving location Date acquired Koha issues (times borrowed) Koha full call number Accession No. Koha date last seen Koha item type
        VIVEKANANDA LIBRARY VIVEKANANDA LIBRARY UIET Library 11/01/2007   670 S69M(4) 245171 17/09/2023 Books
        VIVEKANANDA LIBRARY VIVEKANANDA LIBRARY UIET Library 11/01/2007   670 S69M(4) 245172 17/09/2023 Books
        VIVEKANANDA LIBRARY VIVEKANANDA LIBRARY UIET Library 11/01/2007   670 S69M(4) 245286 17/09/2023 Books
© Designed and Maintained by Vivekananda Library, MDU Rohtak